QUEST Central Library Banner

Fundamentals of Momentum, Heat and Mass Transfer : (Record no. 2513)

MARC details
000 -LEADER
fixed length control field 00742nam a2200253 a 4500
003 - CONTROL NUMBER IDENTIFIER
control field PK-NaQUE
005 - DATE AND TIME OF LATEST TRANSACTION
control field 20250623131025.0
008 - FIXED-LENGTH DATA ELEMENTS--GENERAL INFORMATION
fixed length control field 250623b ||||| |||| 00| 0 eng d
020 ## - INTERNATIONAL STANDARD BOOK NUMBER
International Standard Book Number 0471886653 (paperback)
020 ## - INTERNATIONAL STANDARD BOOK NUMBER
International Standard Book Number 9780471886655 (paperback)
040 ## - CATALOGING SOURCE
Transcribing agency QUEST
100 1# - MAIN ENTRY--PERSONAL NAME
Personal name Welty, James R.
245 10 - TITLE STATEMENT
Title Fundamentals of Momentum, Heat and Mass Transfer :
250 ## - EDITION STATEMENT
Edition statement 5th ed.
260 ## - PUBLICATION, DISTRIBUTION, ETC. (IMPRINT)
Place of publication, distribution, etc [S.l.] :
Name of publisher, distributor, etc John Wiley And Sons (wie),
Date of publication, distribution, etc 2013
300 ## - PHYSICAL DESCRIPTION
Extent 711
650 ## - SUBJECT ADDED ENTRY--TOPICAL TERM
Topical term or geographic name as entry element Heat--Transmission
650 ## - SUBJECT ADDED ENTRY--TOPICAL TERM
Topical term or geographic name as entry element Transport theory
650 ## - SUBJECT ADDED ENTRY--TOPICAL TERM
Topical term or geographic name as entry element Mass transfer
650 ## - SUBJECT ADDED ENTRY--TOPICAL TERM
Topical term or geographic name as entry element Fluid mechanics
700 ## - ADDED ENTRY--PERSONAL NAME
Personal name Wicks, Charles E - Wilson, Robert E
856 40 - ELECTRONIC LOCATION AND ACCESS
Uniform Resource Identifier <a href="http://10.10.170.122:8080/browse/book/1900">http://10.10.170.122:8080/browse/book/1900</a>
Link text Download eBook
942 ## - ADDED ENTRY ELEMENTS (KOHA)
Koha item type Books
Source of classification or shelving scheme Dewey Decimal Classification
Holdings
Withdrawn status Lost status Damaged status Not for loan Collection code Home library Current library Date acquired Cost, normal purchase price Total Checkouts Full call number Barcode Date last seen Koha item type Price effective from
          Central Library, QUEST, Nawabshah Central Library, QUEST, Nawabshah 03/11/2015 1321.00   621.4022WEL 53419 03/11/2015 Books 03/11/2015
        Reference Reference Section Reference Section 12/05/2014 322.65   621.4022WEL (Shelf - 64F) 15845 12/05/2014 Books  
          Seminar Library, Civil Engg. Seminar Library, Civil Engg. 22/07/2016 1251.00   621.4022WEL 54607 22/07/2016 Books  
          Central Library, QUEST, Nawabshah Seminar Library, Energy & Environ. Engg. 16/03/2015 1378.00   621.4022WEL 51174 16/03/2015 Books  
          Seminar Library, Mechanical Engg. Seminar Library, Mechanical Engg. 05/01/2015 367.00   621.4022WEL 21490 05/01/2015 Books  

Copyright © 2018,The QUEST, Nawabshah, Shaheed Benazirabad. All rights reserved
Mr. G. Farooq Channar (Librarian) QUEST, Nawabshah, Sindh, Pakistan 67480.
 Ph#: |   0244-9370381-4 Ext. 2308   Email| lib@quest.edu.pk   Web|  http://www.quest.edu.pk